000 00568nam a2200229 a 4500
999 _c2060
_d2060
001 2060
003 BD-JhCC
005 20171029112050.0
008 171029s1964 bg ||||| |||| 00| 0 eng d
035 _a(BD-JhCC)2060
040 _aBD-JhCC
_dBD-JhCC
041 _aeng
082 _a891.44
_bHAS 1964
100 _aAhsan, Syed Ali
245 _aBengali and Urdu /
_cSyed Ali Ahsan
260 _aDhaka :
_bBengali Academy,
_c1964.
300 _a174 p. :
_c21 cm.
650 _aUrdu literature
650 _aBengali literature
942 _2ddc
_cBK